Normal view
MARC view
- YAGLOM, A.M
Entry Personal Name
001 - CONTROL NUMBER
- control field: 65010
003 - CONTROL NUMBER IDENTIFIER
- control field: NUST
005 - DATE AND TIME OF LATEST TRANSACTION
- control field: 20210628203351.0
008 - FIXED-LENGTH DATA ELEMENTS
- fixed length control field: 210628|| aca||aabn | a|a d
040 ## - CATALOGING SOURCE
- Original cataloging agency: NUST
- Transcribing agency: NUST
100 ## - HEADING--PERSONAL NAME
- Personal name: YAGLOM, A.M
670 ## - SOURCE DATA FOUND
- Source citation: Work cat.: (NUST): YAGLOM, A.M, CORRELATION THEORY OF STATIONARY AND RELATED RANDOM FUNCTIONS, 1987
